000 00210nam a22000857a 4500
001 1257777
005 20260219103153.0
245 _aMİA VE BAZI ŞEKERLİ ŞEYLER
_cBİRSEN EKİM ÖZEN
260 _bTİMAŞ YAYINLARI
999 _c1257777
_d1257777